[Event "Voronezh op-A 18th"]
[Site "Voronezh"]
[Date "2014.06.18"]
[Round "6"]
[White "Dmitriev, Igor"]
[Black "Arshaev, Ajush"]
[Result "1/2-1/2"]
[WhiteElo "2295"]
[BlackElo "2147"]
[PlyCount "70"]
[EventDate "2014.06.12"]
[EventType "swiss"]
[EventRounds "9"]
[EventCountry "RUS"]
[SourceTitle "CBM 160 Extra"]
[Source "ChessBase"]
[SourceDate "2014.07.01"]
[SourceVersion "1"]
[SourceVersionDate "2014.07.01"]
[SourceQuality "1"]

1. Nf3 d5 2. c4 d4 3. b4 f6 4. e3 e5 5. exd4 e4 6. Qe2 Qe7 7. Ng1 Nc6 8. Bb2 Nxb4 9. Kd1 Bf5 10. Qe3 Nh6 11. h3 0-0-0 12. a3 Nd3 13. Bxd3 exd3 14. Qxe7 Bxe7 15. Nf3 Be4 16. Ne1 Bg6 17. a4 Nf5 18. Nf3 Nd6 19. Na3 Ne4 20. Rf1 Bb4 21. Nb5 c6 22. Nc3 Bxc3 23. dxc3 Bf7 24. Nd2 Nxd2 25. Kxd2 Bxc4 26. Rfe1 Rhe8 27. Re3 Rxe3 28. fxe3 Re8 29. Ba3 Kd7 30. a5 a6 31. Rb1 Kc8 32. Ra1 Kd7 33. Rb1 Kc8 34. Ra1 Kd7 35. Rb1 Kc8 1/2-1/2

[Event "Elista-ch"]
[Site "Elista"]
[Date "2014.01.06"]
[Round "8"]
[White "Indzhiev, Aldar"]
[Black "Arshaev, Ajush"]
[Result "1/2-1/2"]
[WhiteElo "1664"]
[BlackElo "2095"]
[PlyCount "81"]
[EventDate "2014.01.03"]
[EventType "swiss"]
[EventRounds "9"]
[EventCountry "RUS"]
[SourceTitle "CBM 158 Extra"]
[Source "ChessBase"]
[SourceDate "2014.02.28"]
[SourceVersion "1"]
[SourceVersionDate "2014.02.28"]
[SourceQuality "1"]

1. e4 e5 2. Nf3 Nc6 3. Bb5 a6 4. Bxc6 dxc6 5. 0-0 Qf6 6. d4 exd4 7. Bg5 Qd6 8. Nxd4 Be7 9. Bxe7 Nxe7 10. Nc3 Bd7 11. Nb3 Qxd1 12. Raxd1 b6 13. f4 0-0-0 14. h3 c5 15. Nd2 Bc6 16. Nf3 f6 17. Kf2 Rhe8 18. g3 b5 19. Rxd8+ Rxd8 20. Ke3 b4 21. Ne2 Re8 22. Nd2 Nf5+ 23. Kf3 Nd6 24. c3 Nxe4 25. Nxe4 Rxe4 26. Kf2 Rxe2+ 27. Kxe2 Bb5+ 28. Kf2 Bxf1 29. Kxf1 Kd7 30. Ke2 bxc3 31. bxc3 Ke6 32. Kd3 Kd5 33. c4+ Ke6 34. a4 Kf5 35. Ke3 h5 36. Kf3 g5 37. g4+ hxg4+ 38. hxg4+ Ke6 39. a5 Kd6 40. Ke4 Ke6 41. Kf3 1/2-1/2

[Event "Elista-ch"]
[Site "Elista"]
[Date "2014.01.05"]
[Round "5"]
[White "Nasunov, Mikhail"]
[Black "Arshaev, Ajush"]
[Result "1/2-1/2"]
[WhiteElo "2200"]
[BlackElo "2095"]
[PlyCount "84"]
[EventDate "2014.01.03"]
[EventType "swiss"]
[EventRounds "9"]
[EventCountry "RUS"]
[SourceTitle "CBM 158 Extra"]
[Source "ChessBase"]
[SourceDate "2014.02.28"]
[SourceVersion "1"]
[SourceVersionDate "2014.02.28"]
[SourceQuality "1"]

1. e4 e5 2. Nf3 Nc6 3. Bb5 a6 4. Bxc6 dxc6 5. 0-0 Qf6 6. d4 exd4 7. Bg5 Qd6 8. Nxd4 Be7 9. Be3 Nf6 10. f3 c5 11. Nb3 Qxd1 12. Rxd1 b6 13. Bf4 Ra7 14. Nc3 Be6 15. g4 h6 16. a4 c6 17. Be3 a5 18. Bf4 Rd7 19. h3 Kd8 20. Be3 g5 21. Nd2 Bd6 22. Nf1 Be5 23. Kf2 Kc8 24. Rxd7 Nxd7 25. Ng3 Re8 26. Nge2 Bc4 27. Ng3 Bf6 28. Nf5 Kc7 29. Kg2 Be6 30. Nxh6 Ne5 31. f4 Nc4 32. Bc1 gxf4 33. Bxf4+ Kc8 34. g5 Bd4 35. Nd1 Bd7 36. Nxf7 Rxe4 37. Nd6+ Nxd6 38. Bxd6 Re2+ 39. Kg3 Re1 40. c3 Rg1+ 41. Kh2 Bf2 42. h4 Re1 1/2-1/2

[Event "Dvorkovich Memorial op"]
[Site "Taganrog"]
[Date "2013.01.20"]
[Round "6"]
[White "Zakharov, Alexander V"]
[Black "Arshaev, Ajush"]
[Result "1-0"]
[WhiteElo "2388"]
[BlackElo "1911"]
[PlyCount "125"]
[EventDate "2013.01.15"]
[EventType "swiss"]
[EventRounds "9"]
[EventCountry "RUS"]
[SourceTitle "CBM 152 Extra"]
[Source "ChessBase"]
[SourceDate "2013.02.25"]
[SourceVersion "1"]
[SourceVersionDate "2013.02.25"]
[SourceQuality "1"]

1. d4 Nf6 2. c4 c5 3. d5 b5 4. cxb5 a6 5. bxa6 Bxa6 6. Nc3 d6 7. Nf3 g6 8. e4 Bxf1 9. Kxf1 Nbd7 10. g3 Bg7 11. Kg2 0-0 12. Qe2 Qa5 13. Bd2 Rfb8 14. Rab1 Ne8 15. h4 Nc7 16. a4 Qa6 17. b3 Qxe2 18. Nxe2 Rb7 19. Bc3 Rab8 20. Bxg7 Kxg7 21. Nd2 Rb4 22. h5 Nf6 23. hxg6 hxg6 24. Nc3 Rd4 25. Rb2 Rbb4 26. Rc1 Rb8 27. f3 Nd7 28. Ra2 Ne5 29. Ne2 Rdb4 30. Rc3 Nd7 31. Nc1 Na6 32. Nc4 Ra8 33. Re2 Nc7 34. g4 Rbb8 35. Kg3 Nb6 36. Rd2 Ra6 37. Ne3 Nd7 38. g5 Rab6 39. Nc4 Ra6 40. f4 Rh8 41. Rh2 Rxh2 42. Kxh2 f5 43. gxf6+ Nxf6 44. Nd2 e6 45. dxe6 Nxe6 46. Ne2 d5 47. f5 Nd4 48. Nxd4 cxd4 49. Rc7+ Kh6 50. exd5 Nxd5 51. Rd7 Nf6 52. Rxd4 gxf5 53. Kg3 Kg5 54. Nf3+ Kg6 55. Ne5+ Kg5 56. Nf3+ Kg6 57. Kf4 Rb6 58. Ne5+ Kg7 59. Rd3 Ne4 60. Kxf5 Nc5 61. Nd7 Nxd3 62. Nxb6 Nc5 63. b4 1-0

[Event "Dvorkovich Memorial op"]
[Site "Taganrog"]
[Date "2013.01.19"]
[Round "5"]
[White "Elizarov, Dmitry"]
[Black "Arshaev, Ajush"]
[Result "1-0"]
[WhiteElo "2409"]
[BlackElo "1911"]
[PlyCount "85"]
[EventDate "2013.01.15"]
[EventType "swiss"]
[EventRounds "9"]
[EventCountry "RUS"]
[SourceTitle "CBM 152 Extra"]
[Source "ChessBase"]
[SourceDate "2013.02.25"]
[SourceVersion "1"]
[SourceVersionDate "2013.02.25"]
[SourceQuality "1"]

1. d4 Nf6 2. Nf3 e6 3. g3 d5 4. c4 Be7 5. Bg2 0-0 6. Qc2 c6 7. 0-0 Nbd7 8. Nbd2 b6 9. e4 Ba6 10. Re1 Rc8 11. e5 Ne8 12. b3 Nc7 13. a4 c5 14. Ba3 cxd4 15. Nxd4 Bb7 16. Nb5 Nxb5 17. axb5 Nc5 18. Bxc5 Bxc5 19. Rxa7 Rc7 20. Qc3 Qb8 21. Ra2 Rd8 22. Nf1 dxc4 23. bxc4 Bd4 24. Qc2 Bxg2 25. Kxg2 Rc5 26. f4 Rdc8 27. Qd3 Qb7+ 28. Kh3 Rd8 29. Re4 Rxc4 30. Rd2 h5 31. Ne3 Rc3 32. Qxc3 Bxc3 33. Rxd8+ Kh7 34. Rc4 Ba5 35. Rc6 Qe7 36. Rcc8 f6 37. exf6 Qxf6 38. f5 Kh6 39. Rh8+ Kg5 40. Rc6 Bd2 41. Rxe6 Bxe3 42. Rxf6 gxf6 43. Kg2 1-0

[Event "Dvorkovich Memorial op"]
[Site "Taganrog"]
[Date "2013.01.15"]
[Round "3"]
[White "Arshaev, Ajush"]
[Black "Kryakvin, Dmitry"]
[Result "0-1"]
[WhiteElo "1911"]
[BlackElo "2586"]
[PlyCount "106"]
[EventDate "2013.01.15"]
[EventType "swiss"]
[EventRounds "9"]
[EventCountry "RUS"]
[SourceTitle "CBM 152 Extra"]
[Source "ChessBase"]
[SourceDate "2013.02.25"]
[SourceVersion "1"]
[SourceVersionDate "2013.02.25"]
[SourceQuality "1"]

1. e4 c6 2. d4 d5 3. Nd2 dxe4 4. Nxe4 Nd7 5. Nf3 Ngf6 6. Nxf6+ Nxf6 7. Bd3 Bg4 8. c3 e6 9. h3 Bh5 10. g4 Bg6 11. g5 Nd5 12. Bxg6 hxg6 13. Qb3 Qc7 14. Bd2 a5 15. 0-0-0 a4 16. Qc2 b5 17. h4 Rh5 18. Ne5 Bd6 19. c4 bxc4 20. Qxc4 Qb7 21. Kb1 c5 22. Nd3 cxd4 23. Qxd4 Kf8 24. Bc3 Nxc3+ 25. Qxc3 a3 26. Qb3 Qf3 27. Qb6 Be7 28. Qe3 Qf5 29. Qe5 Rd8 30. Qxf5 gxf5 31. bxa3 Bxa3 32. Kc2 Ke7 33. Ne5 Rc8+ 34. Kb3 Bd6 35. Nxf7 Bf4 36. g6 Kf6 37. Rd4 Kxg6 38. Rxf4 Kxf7 39. Rg1 Rb8+ 40. Kc3 Rbh8 41. Rc4 g6 42. Rc7+ Kf6 43. a4 Rxh4 44. a5 Ra4 45. Ra7 Rh2 46. Kb3 Rf4 47. a6 Rf3+ 48. Kb4 Rhxf2 49. Ra8 Ra2 50. Kb5 Rb3+ 51. Kc6 Rc2+ 52. Kd7 Rd3+ 53. Ke8 Rh2 0-1

[Event "Elista-ch"]
[Site "Elista"]
[Date "2012.07.09"]
[Round "8"]
[White "Arshaev, Ajush"]
[Black "Tanaev, Viktor"]
[Result "1-0"]
[WhiteElo "1872"]
[BlackElo "2078"]
[PlyCount "67"]
[EventDate "2012.07.02"]
[EventType "tourn"]
[EventRounds "11"]
[EventCountry "RUS"]
[SourceTitle "EXT 2014"]
[Source "ChessBase"]
[SourceDate "2013.11.20"]
[SourceVersion "1"]
[SourceVersionDate "2013.11.20"]
[SourceQuality "1"]

1. e4 e6 2. d4 d5 3. Nd2 c5 4. Ngf3 cxd4 5. exd5 exd5 6. Nxd4 Bc5 7. N2b3 Be7 8. Bd3 Nf6 9. 0-0 Bg4 10. f3 Bh5 11. Re1 0-0 12. Bf4 Nc6 13. Nf5 Re8 14. Nxe7+ Rxe7 15. Qd2 Qb6+ 16. Be3 Qc7 17. Bg5 Qb6+ 18. Kh1 Ne5 19. Be3 Qc7 20. Bc5 Ree8 21. Qf4 Re6 22. Bf5 Rc6 23. Qxe5 Rxc5 24. Nxc5 Qxc5 25. Rad1 Qb4 26. Qd4 Qd6 27. c4 Qa6 28. cxd5 Qxa2 29. d6 Qb3 30. d7 Rd8 31. Qe5 Qa4 32. Qe7 Kh8 33. Qxd8+ Ng8 34. Qxg8+ 1-0

[Event "Elista-ch"]
[Site "Elista"]
[Date "2012.07.06"]
[Round "5"]
[White "Bakuev, Valery"]
[Black "Arshaev, Ajush"]
[Result "0-1"]
[WhiteElo "1840"]
[BlackElo "1872"]
[PlyCount "92"]
[EventDate "2012.07.02"]
[EventType "tourn"]
[EventRounds "11"]
[EventCountry "RUS"]
[SourceTitle "EXT 2014"]
[Source "ChessBase"]
[SourceDate "2013.11.20"]
[SourceVersion "1"]
[SourceVersionDate "2013.11.20"]
[SourceQuality "1"]

1. d4 d5 2. Bg5 c6 3. Nd2 Qb6 4. Nb3 h6 5. Bf4 Nf6 6. e3 Nbd7 7. Nf3 g6 8. Bd3 Bg7 9. Ne5 0-0 10. Nxd7 Nxd7 11. 0-0 e5 12. Bg3 c5 13. dxc5 Nxc5 14. Nxc5 Qxc5 15. c3 Be6 16. Qe2 Rad8 17. Rfd1 h5 18. Kh1 e4 19. Bc2 Bg4 20. f3 exf3 21. gxf3 Be6 22. Rg1 Rfe8 23. Bh4 Rd6 24. Bg3 Rb6 25. Ba4 Rc8 26. Rad1 Qc4 27. Qxc4 dxc4 28. Rd2 Ra6 29. Bc2 Rxa2 30. Bb1 Ra5 31. e4 Rb5 32. Bf2 Bh6 33. Rc2 a5 34. Bd4 Bf4 35. Bf6 a4 36. Rcg2 Bh3 37. Re2 Kh7 38. e5 Re8 39. Ba2 Rc5 40. Re4 Bxe5 41. Rge1 Bxf6 42. Rxe8 b5 43. Bb1 a3 44. bxa3 Bxc3 45. Rd1 Bb2 46. Re3 c3 0-1

[Event "Elista-ch"]
[Site "Elista"]
[Date "2012.07.04"]
[Round "3"]
[White "Utnasunov, Alexander"]
[Black "Arshaev, Ajush"]
[Result "1/2-1/2"]
[WhiteElo "1875"]
[BlackElo "1872"]
[PlyCount "128"]
[EventDate "2012.07.02"]
[EventType "tourn"]
[EventRounds "11"]
[EventCountry "RUS"]
[SourceTitle "EXT 2014"]
[Source "ChessBase"]
[SourceDate "2013.11.20"]
[SourceVersion "1"]
[SourceVersionDate "2013.11.20"]
[SourceQuality "1"]

1. d4 d5 2. Nf3 e6 3. e3 f5 4. Bd3 Nf6 5. 0-0 c6 6. b3 Nbd7 7. Bb2 Bd6 8. Nbd2 0-0 9. Ne5 Qe7 10. f4 Ne4 11. Ndf3 Rf6 12. c4 Rh6 13. c5 Bxe5 14. fxe5 g5 15. Bxe4 dxe4 16. Nd2 g4 17. Qe1 b6 18. b4 Ba6 19. Rf4 Nf8 20. Qg3 Ng6 21. Rf2 Bd3 22. Rc1 b5 23. Bc3 Qd7 24. Ra1 Ne7 25. Nb3 Nd5 26. Bd2 Qe7 27. Nc1 Bc4 28. Ne2 Bxe2 29. Rxe2 Qb7 30. Qe1 Qa6 31. a3 Qa4 32. Qd1 Rb8 33. Re1 Rg6 34. Rf1 Rb7 35. Re1 a6 36. Rf1 Rbg7 37. g3 h5 38. Kg2 h4 39. Re1 Rh7 40. Rh1 Rgh6 41. Qxa4 bxa4 42. Rag1 Kf7 43. Rf1 Ke7 44. Rfg1 Kd7 45. Rf1 Kc7 46. Rfg1 Kb7 47. Rf1 Nc7 48. Bc1 Nb5 49. Bb2 a5 50. bxa5 hxg3 51. hxg3 Rxh1 52. Rxh1 Rxh1 53. Kxh1 Ka6 54. Kg2 Kxa5 55. Kf2 Nc7 56. Ke2 Kb5 57. Kd2 Kc4 58. Kc2 Nd5 59. Bc1 Nc3 60. Bd2 Ne2 61. Be1 f4 62. gxf4 Kd5 63. Kd2 Ng1 64. Bg3 Nf3+ 1/2-1/2

[Event "EU School-ch U15"]
[Site "Kallithea"]
[Date "2012.06.16"]
[Round "5"]
[White "Dastan, Batuhan Muhammed"]
[Black "Arshaev, Ajush"]
[Result "1-0"]
[WhiteElo "2272"]
[BlackElo "1872"]
[PlyCount "55"]
[EventDate "2012.06.13"]
[EventType "swiss"]
[EventRounds "9"]
[EventCountry "GRE"]
[SourceTitle "EXT 2024"]
[Source "ChessBase"]
[SourceDate "2023.10.10"]
[SourceVersion "1"]
[SourceVersionDate "2023.10.10"]
[SourceQuality "1"]

1. e4 e5 2. f4 Bc5 3. Nf3 d6 4. c3 Bg4 5. h3 Bxf3 6. Qxf3 Nf6 7. b4 Bb6 8. Na3 c6 9. Nc4 Bc7 10. fxe5 dxe5 11. Be2 Nbd7 12. Rb1 b5 13. Ne3 Nf8 14. 0-0 Bb6 15. Kh1 Bxe3 16. Qxe3 Ne6 17. g3 Qb6 18. d3 Qxe3 19. Bxe3 0-0 20. Bd1 a5 21. bxa5 Rxa5 22. Bb3 Rfa8 23. Rf5 Nd7 24. Rbf1 Rf8 25. Rxf7 Rxf7 26. Bxe6 Nf6 27. g4 h6 28. h4 1-0

[Event "EU School-ch U15"]
[Site "Kallithea"]
[Date "2012.06.15"]
[Round "4"]
[White "Arshaev, Ajush"]
[Black "Menzi, Nezihe Ezgi"]
[Result "0-1"]
[WhiteElo "1872"]
[BlackElo "1916"]
[PlyCount "74"]
[EventDate "2012.06.13"]
[EventType "swiss"]
[EventRounds "9"]
[EventCountry "GRE"]
[SourceTitle "EXT 2024"]
[Source "ChessBase"]
[SourceDate "2023.10.10"]
[SourceVersion "1"]
[SourceVersionDate "2023.10.10"]
[SourceQuality "1"]

1. e4 c5 2. Nf3 d6 3. c3 Nf6 4. Be2 g6 5. 0-0 Bg7 6. Re1 0-0 7. d3 Nc6 8. Nbd2 b5 9. Nf1 b4 10. h3 Rb8 11. Be3 c4 12. Nd4 Nxd4 13. cxd4 Bb7 14. f3 c3 15. bxc3 bxc3 16. Qa4 Qc7 17. Rac1 Rfc8 18. Qa3 c2 19. Nd2 d5 20. e5 Nd7 21. Nb3 e6 22. Nc5 Nxc5 23. Rxc2 Bf8 24. dxc5 Qxe5 25. d4 Qg3 26. Bf2 Qc7 27. Bd3 Bc6 28. g4 a5 29. Ba6 Re8 30. Kg2 Rb4 31. Qd3 Ba4 32. Rc3 Qc6 33. a3 Rb2 34. Re2 Reb8 35. h4 R2b3 36. Bg3 Rxc3 37. Qxc3 Qxa6 0-1

[Event "EU School-ch U15"]
[Site "Kallithea"]
[Date "2012.06.14"]
[Round "2"]
[White "Arshaev, Ajush"]
[Black "Sanal, Vahap"]
[Result "0-1"]
[WhiteElo "1872"]
[BlackElo "2277"]
[PlyCount "74"]
[EventDate "2012.06.13"]
[EventType "swiss"]
[EventRounds "9"]
[EventCountry "GRE"]
[SourceTitle "EXT 2024"]
[Source "ChessBase"]
[SourceDate "2023.10.10"]
[SourceVersion "1"]
[SourceVersionDate "2023.10.10"]
[SourceQuality "1"]

1. e4 e5 2. Nf3 Nc6 3. Nc3 Nf6 4. d4 exd4 5. Nd5 Be7 6. Bf4 d6 7. Nxd4 0-0 8. Nc3 Re8 9. Nxc6 bxc6 10. Bd3 Rb8 11. Rb1 Ng4 12. 0-0 Ne5 13. Bxe5 dxe5 14. Qf3 Be6 15. b3 Qd4 16. Ne2 Qc5 17. Qg3 a5 18. Kh1 f6 19. f4 exf4 20. Nxf4 Bf7 21. Qh3 Qe5 22. Rbe1 Bb4 23. Re2 Bd6 24. Re3 a4 25. Rg3 axb3 26. axb3 Ra8 27. Qh6 Bf8 28. Qh3 Ra1 29. Rgf3 Rea8 30. Qf5 Bd6 31. g3 g5 32. Ne2 Qxf5 33. Rxf5 Be6 34. Bc4 Bxc4 35. bxc4 Be5 36. Kg2 R1a2 37. Rc1 R8a4 0-1

[Event "Elista-ch"]
[Site "Elista"]
[Date "2011.07.07"]
[Round "10"]
[White "Pataev, Adyan"]
[Black "Arshaev, Ajush"]
[Result "1-0"]
[WhiteElo "1628"]
[BlackElo "1746"]
[PlyCount "131"]
[EventDate "2011.06.28"]
[EventType "tourn"]
[EventRounds "11"]
[EventCountry "RUS"]
[SourceTitle "EXT 2022"]
[Source "ChessBase"]
[SourceDate "2021.10.06"]
[SourceVersion "1"]
[SourceVersionDate "2021.10.06"]
[SourceQuality "1"]

1. e4 c6 2. d4 d5 3. exd5 cxd5 4. c4 Nf6 5. Nc3 Nc6 6. Nf3 Bg4 7. Be3 e6 8. Be2 dxc4 9. Bxc4 Be7 10. h3 Bh5 11. d5 exd5 12. Nxd5 0-0 13. Nxe7+ Qxe7 14. 0-0 Rac8 15. Rc1 Rfd8 16. Qe2 Ne5 17. Bxa7 Nxf3+ 18. gxf3 Qd7 19. Kg2 b5 20. Bb6 bxc4 21. Bxd8 Qxd8 22. Rxc4 Ra8 23. Rd1 Qb6 24. Rdc1 h6 25. b4 Ra3 26. Rc8+ Kh7 27. Qc2+ Bg6 28. Qc5 Qb7 29. Rc3 Rxa2 30. Qf8 Bh5 31. R3c6 Bxf3+ 32. Kxf3 Ra3+ 33. Kg2 Rxh3 34. Kxh3 Qd7+ 35. Kh2 Qf5 36. Rxf6 Qxf6 37. Kg2 Qg6+ 38. Kf1 Qd3+ 39. Ke1 Qb1+ 40. Kd2 Qb2+ 41. Kd3 Qb3+ 42. Kd4 Qd1+ 43. Kc5 Qc2+ 44. Kb5 Qd3+ 45. Kb6 Qd4+ 46. Qc5 Qf6+ 47. Kb7 Qf3+ 48. Ka7 Qa3+ 49. Kb6 Qf3 50. Qc2+ f5 51. Qa2 Kg6 52. Qe6+ Kh5 53. Qe3 Qd5 54. Qe2+ Kg6 55. Rc6+ Kh7 56. Qc4 Qd8+ 57. Kb7 Qe7+ 58. Rc7 Qf8 59. Qc5 Qf6 60. Qe7 Qg6 61. Qf7 Qg4 62. b5 h5 63. Rc5 Qe4+ 64. Kb6 Qd4 65. Qxf5+ Kg8 66. Kb7 1-0

[Event "Moscow op-E"]
[Site "Moscow"]
[Date "2011.02.04"]
[Round "7.232"]
[White "Arshaev, Ajush"]
[Black "Efanov, Mikhail"]
[Result "1/2-1/2"]
[WhiteElo "1734"]
[BlackElo "1951"]
[PlyCount "63"]
[EventDate "2011.01.29"]
[EventType "swiss"]
[EventRounds "9"]
[EventCountry "RUS"]
[SourceTitle "EXT 2022"]
[Source "ChessBase"]
[SourceDate "2021.10.06"]
[SourceVersion "1"]
[SourceVersionDate "2021.10.06"]
[SourceQuality "1"]

1. e4 Nf6 2. e5 Nd5 3. d4 d6 4. Nf3 dxe5 5. dxe5 e6 6. Be2 Nc6 7. 0-0 Be7 8. a3 a5 9. b3 0-0 10. c4 Nb6 11. Qc2 Bc5 12. Bb2 Qe7 13. Nc3 Nd4 14. Nxd4 Bxd4 15. Ne4 Bxb2 16. Qxb2 Bd7 17. Qc3 Bc6 18. Bf3 Rfd8 19. a4 Nd7 20. Rfe1 Qb4 21. Re3 Qxc3 22. Nxc3 Bxf3 23. gxf3 Nc5 24. Nb5 Rd7 25. Rae1 Rad8 26. Kg2 Nd3 27. Rb1 b6 28. Kg3 Nb4 29. Rc1 h6 30. h4 Nd3 31. Rb1 Nb4 32. Rc1 1/2-1/2

[Event "Moscow op-E"]
[Site "Moscow"]
[Date "2011.01.29"]
[Round "1.213"]
[White "Lagashin, Pavel"]
[Black "Arshaev, Ajush"]
[Result "1-0"]
[WhiteElo "2160"]
[BlackElo "1734"]
[PlyCount "87"]
[EventDate "2011.01.29"]
[EventType "swiss"]
[EventRounds "9"]
[EventCountry "RUS"]
[SourceTitle "EXT 2022"]
[Source "ChessBase"]
[SourceDate "2021.10.06"]
[SourceVersion "1"]
[SourceVersionDate "2021.10.06"]
[SourceQuality "1"]

1. Nf3 Nf6 2. c4 c5 3. g3 Nc6 4. Bg2 e5 5. 0-0 Be7 6. Nc3 d6 7. a3 0-0 8. Rb1 h6 9. b4 cxb4 10. axb4 e4 11. Ne1 Bf5 12. Nc2 Ne5 13. Ne3 Bg6 14. Qb3 Rc8 15. Ba3 Re8 16. Rfc1 Qd7 17. b5 Neg4 18. Ncd5 Nxd5 19. cxd5 Nxe3 20. dxe3 Bf6 21. Rxc8 Rxc8 22. Qb4 Be5 23. Bxe4 Bc3 24. Qa4 Qg4 25. f3 Qg5 26. Kf2 f5 27. Bd3 Re8 28. Qf4 Qh5 29. h4 Be5 30. Qc4 Bf7 31. Bb2 g5 32. Bxe5 Rxe5 33. Rb4 gxh4 34. Qxh4 Qxh4 35. Rxh4 Rxd5 36. Rxh6 Kg7 37. Rh4 Be8 38. Ra4 a6 39. bxa6 bxa6 40. Rxa6 Bg6 41. g4 fxg4 42. Bxg6 Kxg6 43. e4 Rd1 44. e5 1-0

[Event "Elista Chess City op 10th"]
[Site "Elista"]
[Date "2008.09.21"]
[Round "7"]
[White "Osmanov, Vadim"]
[Black "Arshaev, Ajush"]
[Result "0-1"]
[WhiteElo "1975"]
[BlackElo "1598"]
[PlyCount "122"]
[EventDate "2008.09.16"]
[EventType "swiss"]
[EventRounds "9"]
[EventCountry "RUS"]
[SourceTitle "CBM 126 Extra"]
[Source "ChessBase"]
[SourceDate "2008.11.05"]
[SourceVersion "1"]
[SourceVersionDate "2008.11.05"]
[SourceQuality "1"]

1. d4 Nf6 2. c4 c6 3. Nf3 d5 4. e3 e6 5. Bd3 dxc4 6. Bxc4 b5 7. Bd3 Bb7 8. Nbd2 a6 9. Qc2 Nbd7 10. Nb3 Qb6 11. Bd2 Rc8 12. Ba5 Qa7 13. a4 b4 14. Qd2 c5 15. Rc1 Be7 16. 0-0 0-0 17. Nxc5 Nxc5 18. dxc5 Bxc5 19. Bxb4 Bxb4 20. Qxb4 Nd5 21. Qh4 h6 22. Qd4 Qa8 23. Ne5 Rcd8 24. Qg4 Nf6 25. Qg3 Nh5 26. Qh3 Nf6 27. Rc7 Qb8 28. Rfc1 Be4 29. Bxa6 Nd5 30. Nd7 Qxc7 31. Rxc7 Nxc7 32. f3 Rxd7 33. Bc4 Bd5 34. Qg4 Ra8 35. b3 Ne8 36. Qd4 Nf6 37. Qc5 Bxc4 38. Qxc4 Rb7 39. e4 Rab8 40. a5 Rxb3 41. a6 Ra3 42. Qc6 Rb2 43. h4 Rba2 44. Qc8+ Kh7 45. Qf8 Rxa6 46. Qxf7 Rb6 47. e5 Ng8 48. f4 Rbb2 49. Qxe6 Rxg2+ 50. Kh1 Rge2 51. Qf5+ Kh8 52. Qb1 Rh2+ 53. Kg1 Rag2+ 54. Kf1 Rh1+ 55. Kxg2 Rxb1 56. Kf3 Re1 57. Kg4 Kh7 58. Kf5 g6+ 59. Ke6 Kg7 60. h5 gxh5 61. f5 Rf1 0-1

[Event "Elista Chess City op 10th"]
[Site "Elista"]
[Date "2008.09.17"]
[Round "3"]
[White "Shamshin, Rudolf"]
[Black "Arshaev, Ajush"]
[Result "1-0"]
[WhiteElo "2186"]
[BlackElo "1598"]
[PlyCount "53"]
[EventDate "2008.09.16"]
[EventType "swiss"]
[EventRounds "9"]
[EventCountry "RUS"]
[SourceTitle "CBM 126 Extra"]
[Source "ChessBase"]
[SourceDate "2008.11.05"]
[SourceVersion "1"]
[SourceVersionDate "2008.11.05"]
[SourceQuality "1"]

1. e4 e6 2. d4 d5 3. e5 c5 4. c3 Nc6 5. Nf3 Qb6 6. a3 Nge7 7. b4 cxd4 8. cxd4 Nf5 9. Bb2 Bd7 10. Be2 Be7 11. 0-0 Rc8 12. Qd3 a6 13. Nbd2 Na7 14. Nb3 Bb5 15. Qd2 0-0 16. Rfc1 Bxe2 17. Qxe2 Nh4 18. Nxh4 Bxh4 19. Nc5 Rc7 20. Rc3 Qb5 21. Qg4 Bd8 22. Rac1 Nc6 23. h4 a5 24. h5 axb4 25. Rg3 g6 26. hxg6 fxg6 27. Nxe6 1-0